An overview of trends in caribbean migration in the light of integration

שמור ב:
מידע ביבליוגרפי
מחבר ראשי: Ramesar, Marianne
פורמט: Texto
יצא לאור: Mona: University West Indies
תגים: הוספת תג
אין תגיות, היה/י הראשונ/ה לתייג את הרשומה!

MARC

LEADER 00000 a a2200000 04500
001 21398
003
040
090 |a 094100  
100 |a Ramesar, Marianne  
245 |a An overview of trends in caribbean migration in the light of integration  
260 |a Mona:   |b University West Indies  
300 |a 43 p  
999 |c 11619  |d 11619